| 000 | 00672nam a2200253Ia 4500 | ||
|---|---|---|---|
| 001 | 8069 | ||
| 005 | 20240113234048.0 | ||
| 007 | ta | ||
| 008 | 050715s1956 a g b000 u eng u | ||
| 020 | _cPB | ||
| 040 | _aCotton College Assam | ||
| 041 | _aeng | ||
| 082 |
_a950 _bM 582 F |
||
| 100 | _aMichael , Franz H. . | ||
| 245 | 0 |
_aThe Far East in the Modern World / _cFranz H. Michael & G.E.Taylor. _hTextual Documents |
|
| 250 | _a1st ed / | ||
| 260 |
_aLondon : _bMetheen & Co Ltd , _c1956. |
||
| 300 |
_ax,707p. : _bill ; _c24cm. . |
||
| 504 | _aIndex | ||
| 653 | _aHistory-Modern World | ||
| 942 |
_2ddc _cBK |
||
| 999 |
_c8056 _d8056 |
||